000 00537nam a2200229Ia 4500
003 OSt
005 20220912153048.0
006 a|||||r|||| 00| 0
007 ta
008 220909b |||||||| |||| 00| 0 eng d
024 _a22898
037 _cTextual
040 _aCSL
_beng
_cCSL
041 _aeng
082 _aB36M22, K2;2
100 _aTolstov Georgi P
245 0 _aFoureir series
260 _c1962
300 _ap.
_ccm.
942 _hB36M22, K2;2
_cTEXL
_2CC
999 _c97505
_d97505